000 00962nam a22002657a 4500
005 2011080406576.0
008 090728t xxu||||| |||| 00| 0 pun d
010 _aPUN-7021
020 _c80.00
_a8175991852
035 _aPN-6139
037 _bDBAD / PUB
040 _adpl
_bpn
082 _a
100 _924414
_aਦੋਸਤੋਏਵਸਕੀ, ਫਿਓਦੋਰ
245 _aਚਿਟੀਆਂ ਰਾਤਾੰ /
_cਫਿਓਦੋਰ ਦੋਸਤੋਏਵਸਕੀ
246 _aChittian Rataa
_bby Fioder Dostoyevsky
260 _aNew Delhi
_bNavyug Publishers
_c2007
270 _aK-24, Hauz Khas
_bNew Delhi
_e110016
300 4 _a78ਸਫੇ.
_c22ਸੇਂਮੀ (ਸਜਿਲੱਦ)
600 _931401
650 _924431
700 _933297
942 _2ddc
_cPN
_h
_mਦੋਸਤੋ
999 _c55809
_d55809